[Event "Warsaw op"]
[Site "Warsaw"]
[Date "1989.??.??"]
[Round "?"]
[White "Kuczynski, Robert"]
[Black "Kveinys, Aloyzas"]
[Result "1/2-1/2"]
[WhiteElo "2450"]
[BlackElo "2345"]

1.e4 e5 2.Nf3 Nc6 3.Bb5 a6 4.Ba4 Nf6 5.O-O Be7 6.Re1 b5 7.Bb3 d6 8.c3 O-O
9.h3 Nb8 10.d4 Nbd7 11.Nbd2 Bb7 12.Bc2 Re8 13.Nf1 Bf8 14.Ng3 g6 15.Bg5 h6
16.Bd2 Bg7 17.a4 exd4 18.cxd4 c5 19.d5 Nb6 20.Qc1 Kh7 21.Ba5 Nfd7 22.h4 h5
23.Qd1 Kg8 24.Ng5 Qf6 25.Bc3 Ne5 26.Rf1 b4 27.f4 bxc3 28.Nxh5 Nf3+ 29.Qxf3 gxh5
30.bxc3 Qxc3 31.Qxh5 Re7 32.Rac1 Nd7 33.e5 Qe3+ 34.Kh1 Bxd5 35.Rcd1 Bc4 36.Rf3 Qe2
37.Qh7+ Kf8 38.Rg3 Nxe5 39.fxe5 Qxe5 40.Rf3 Rb8 41.Bg6 Rb3 42.Bxf7 Rxf7 43.Rxf7+ Bxf7
44.Rf1 Rb7 45.Qg6 Bf6 46.Rxf6 Qe1+ 47.Kh2 Qxh4+ 48.Nh3 Re7 49.Rf5 Qd4 50.Qh6+ Ke8
51.Ng5 Bc4 52.Rf8+ Kd7 53.Qh3+ Kc6 54.Qc8+ Rc7 55.Qa8+ Kb6 56.Qb8+ Kc6  1/2-1/2

[Event "Hoogovens-B"]
[Site "Wijk aan Zee"]
[Date "1989.??.??"]
[Round "?"]
[White "Campora, Daniel H"]
[Black "Van der Sterren, Paul"]
[Result "1/2-1/2"]
[WhiteElo "2500"]
[BlackElo "2500"]

1.e4 e5 2.Nf3 Nc6 3.Bb5 a6 4.Ba4 Nf6 5.O-O Be7 6.Re1 b5 7.Bb3 d6 8.c3 O-O
9.h3 Nb8 10.d4 Nbd7 11.Nbd2 Bb7 12.Bc2 Re8 13.Nf1 Bf8 14.Ng3 g6 15.a4 c5
16.d5 c4 17.Nh2 Bg7 18.Ng4 Nxg4 19.hxg4 f6 20.Be3 Nc5 21.Qe2 Qc7 22.Ra3 Rab8
23.Rea1 Bc8 24.axb5 axb5 25.Nf1 Bd7 26.Nd2 Rec8 27.b4 cxb3 28.Bxb3 Nxb3 29.Rxb3 Ra8
30.Rba3 Rxa3 31.Rxa3 Qd8 32.f3 Ra8 33.Rxa8 Qxa8 34.Qd1 Bf8 35.Qb3 Qa4 36.Kf2 f5
37.gxf5 gxf5 38.Qxa4 bxa4 39.Nc4 Be7 40.Bc1 Bb5 41.Nb6 fxe4 42.fxe4 Bd8 43.Nc8 Ba6
44.Nxd6 Bb6+ 45.Kf3 Bc5 46.Nf5 Kf7 47.Nh6+ Ke7 48.Ng4 Kd6 49.Nf6 a3 50.Nxh7 a2
51.Bb2 Bb5 52.Ng5 Be8 53.Ne6 Bg1 54.g4 Bf7 55.Nd8 Be8 56.Nb7+ Ke7 57.Na5 Kf6
58.Nc4 Ba4 59.Ne3 Bb3 60.Ke2 Bxe3 61.Kxe3 Bc4 62.Kf3 Kg5 63.Kg3 Be2 64.c4 Bxc4
65.Bxe5 Be2 66.Bc3 Bxg4 67.e5 Bd1  1/2-1/2

[Event "Bern zt"]
[Site "Bern"]
[Date "1990.??.??"]
[Round "12"]
[White "Kindermann, Stefan"]
[Black "Lev, Ronen"]
[Result "1-0"]
[WhiteElo "2560"]
[BlackElo "2390"]

1.e4 e5 2.Nf3 Nc6 3.Bb5 a6 4.Ba4 Nf6 5.O-O Be7 6.Re1 b5 7.Bb3 d6 8.c3 O-O
9.h3 Nb8 10.d4 Nbd7 11.Nbd2 Bb7 12.Bc2 Re8 13.Nf1 Bf8 14.Ng3 g6 15.a4 Bg7
16.d5 Qb8 17.b3 c6 18.c4 bxc4 19.bxc4 a5 20.Ba3 Ba6 21.Bd3 Qc7 22.Ne2 Nb6
23.Rc1 c5 24.Nc3 Nxc4 25.Qe2 Nxa3 26.Bxa6 Bh6 27.Ra1 Nc2 28.Qxc2 Rxa6 29.Nb5 Qd7
30.Rab1 Nh5 31.Nc3 f5 32.Rb5 Nf6 33.Reb1 Ra7 34.Rb6 Nxe4 35.Nxe4 fxe4 36.Qxe4 Rf8
37.Rc6 Rf4 38.Rb8+ Bf8 39.Qe3 Rb7 40.Ra8 Rxa4 41.Rac8 Qf7 42.Rxd6 Qf5 43.Rdd8 Rf7
44.Nxe5 Re4 45.Nxf7 Rxe3 46.Nh6+  1-0

[Event "Brocco op"]
[Site "Brocco"]
[Date "1990.??.??"]
[Round "4"]
[White "Ciric, Dragoljub M"]
[Black "Nemet, Ivan"]
[Result "1/2-1/2"]
[WhiteElo "2375"]
[BlackElo "2435"]

1.e4 e5 2.Nf3 Nc6 3.Bb5 a6 4.Ba4 Nf6 5.O-O Be7 6.Re1 b5 7.Bb3 d6 8.c3 O-O
9.h3 Nb8 10.d4 Nbd7 11.Nbd2 Bb7 12.Bc2 Re8 13.b3 Bf8 14.Bb2 c5  1/2-1/2

[Event "Noviki-B"]
[Site "Budapest"]
[Date "1990.??.??"]
[Round "7"]
[White "Mikhalchishin, Adrian"]
[Black "Arbakov, Valentin"]
[Result "1/2-1/2"]
[WhiteElo "2485"]
[BlackElo "2415"]

1.e4 e5 2.Nf3 Nc6 3.Bb5 a6 4.Ba4 Nf6 5.O-O Be7 6.Re1 b5 7.Bb3 d6 8.c3 O-O
9.h3 Nb8 10.d4 Nbd7 11.Nbd2 Bb7 12.Bc2 Re8 13.Nf1 Bf8 14.Ng3 g6 15.a4 c5
16.d5 Nb6 17.a5 Nbd7 18.b3 Bg7 19.Be3 Qe7 20.Qd2 Kh8 21.Bg5 Qf8 22.Rf1 Ng8
23.Rae1 Bh6 24.c4  1/2-1/2

[Event "Chartres op"]
[Site "Chartres"]
[Date "1990.??.??"]
[Round "6"]
[White "Donchev, Dimitar I"]
[Black "Wells, Peter K"]
[Result "0-1"]
[WhiteElo "2525"]
[BlackElo "2410"]

1.e4 e5 2.Nf3 Nc6 3.Bb5 a6 4.Ba4 Nf6 5.O-O Be7 6.Re1 b5 7.Bb3 d6 8.c3 O-O
9.h3 Nb8 10.d4 Nbd7 11.Nbd2 Bb7 12.Bc2 Re8 13.b3 c6 14.Bb2 Bf8 15.a4 g6 16.b4 Nb6
17.a5 Nbd7 18.Qb1 Rb8 19.Qa2 Nh5 20.Rad1 Qe7 21.g3 Bg7 22.Kh2 Rbd8 23.Bb3 Bc8
24.c4 exd4 25.cxb5 axb5 26.Nxd4 Ne5 27.Rh1 c5 28.N4f3 c4 29.Bc2 c3 30.Ba1 cxd2
31.Nxd2 Qa7 32.Kg2 Be6 33.Qb1 Rc8 34.Nb3 Nc4 35.Qa2 Ne3+ 36.fxe3 Qxe3 37.Rh2 Qxg3+
38.Kh1 Qf3+ 39.Kg1 Qe3+ 40.Kh1 Qf3+ 41.Kg1 Rxc2  0-1

[Event "Dortmund op"]
[Site "Dortmund"]
[Date "1990.??.??"]
[Round "6"]
[White "Prandstetter, Eduard"]
[Black "Giorgadze, Tamaz"]
[Result "1/2-1/2"]
[WhiteElo "2400"]
[BlackElo "2485"]

1.e4 e5 2.Nf3 Nc6 3.Bb5 a6 4.Ba4 Nf6 5.O-O Be7 6.Re1 b5 7.Bb3 O-O 8.c3 d6
9.h3 Nb8 10.d4 Nbd7 11.a4 Bb7 12.Nbd2 c5 13.Bc2 Re8 14.d5 c4 15.Nf1 Bf8 16.Ng3 g6
17.Be3 Nc5 18.Qd2 Bg7 19.Bh6 Qe7 20.Bxg7 Kxg7 21.Qg5 Kh8 22.Ra3 Ng8 23.Qxe7 Nxe7
24.Nd2 Reb8 25.Rea1 Nc8 26.axb5 axb5 27.Rxa8 Rxa8 28.Rxa8 Bxa8  1/2-1/2

[Event "BL2-W8990"]
[Site "Germany"]
[Date "1990.??.??"]
[Round "?"]
[White "Tamm, Ulrich"]
[Black "Rieke, Theo"]
[Result "1/2-1/2"]
[WhiteElo "2320"]
[BlackElo "2230"]

1.e4 e5 2.Nf3 Nc6 3.Bb5 a6 4.Ba4 Nf6 5.O-O Be7 6.Re1 b5 7.Bb3 d6 8.c3 O-O
9.h3 Nb8 10.d4 Nbd7 11.Nbd2 Bb7 12.Bc2 Re8 13.a4 Bf8 14.Bd3 c6 15.b3 Qc7
16.Bb2 g6 17.Qc2 Bg7 18.axb5 axb5 19.c4 Rxa1 20.Rxa1 b4 21.c5 exd4 22.cxd6 Qxd6
23.Bxd4 Qb8 24.Re1 c5 25.Bb2 Bc6  1/2-1/2

[Event "SWE-ch"]
[Site "Gothenburg"]
[Date "1990.??.??"]
[Round "?"]
[White "Ernst, Thomas"]
[Black "Engqvist, Thomas"]
[Result "1-0"]
[WhiteElo "2440"]
[BlackElo "2335"]

1.e4 e5 2.Nf3 Nc6 3.Bb5 a6 4.Ba4 Nf6 5.O-O Be7 6.Re1 b5 7.Bb3 d6 8.c3 O-O
9.h3 Nb8 10.d4 Nbd7 11.Nbd2 Bb7 12.Bc2 c5 13.d5 g6 14.Nf1 Nh5 15.Bh6 Re8
16.Qd2 Bf8 17.Be3 Bg7 18.Ng3 Nf4 19.Bxf4 exf4 20.Qxf4 b4 21.Qxd6 bxc3 22.b3 Re5
23.Rad1 a5 24.Bd3 Bf8 25.Qxd7 Qxd7 26.Nxe5 Qc7 27.Nc4 Bg7 28.Ne2 a4 29.Rc1 axb3
30.axb3 f5 31.Nxc3 fxe4 32.Bxe4 Rf8 33.Rc2 Qf4 34.Ree2 Bd4 35.d6 Ba6 36.Bd5+ Kg7
37.Ne4 Bc8 38.Bc6 Bf5 39.Ncd2 Rd8 40.Ra2 Bxe4 41.Nxe4 Qc1+ 42.Kh2 c4 43.bxc4 Qxc4
44.Rac2 Qb4 45.d7 h6 46.Nd2 Qd6+ 47.g3 Bc5 48.Ne4 Qxc6 49.Nxc5  1-0

[Event "POL-ch Girls U20"]
[Site "Konin"]
[Date "1990.??.??"]
[Round "2"]
[White "Byczynska, Joanna"]
[Black "Lukasiewicz, Anna"]
[Result "1/2-1/2"]
[WhiteElo "2080"]
[BlackElo "2065"]

1.e4 e5 2.Nf3 Nc6 3.Bb5 a6 4.Ba4 Nf6 5.O-O Be7 6.Re1 b5 7.Bb3 d6 8.c3 O-O
9.h3 Nb8 10.d4 Nbd7 11.Bc2 Re8 12.Nbd2 Bf8 13.b3 Bb7 14.Bb2 Nb6 15.d5 c6
16.c4 cxd5 17.cxd5 Nfd7 18.a4 f5 19.exf5 Nxd5 20.Ne4 N7f6 21.Qd2 Nc7 22.Ba3 Nxe4
23.Bxe4 Bxe4 24.Rxe4 Qf6 25.Qg5 d5 26.Rg4 Qxg5 27.Rxg5 Bxa3 28.Rxa3 Kf7 29.Rg3 Kf6
30.Ra2 Re7 31.Re2 d4 32.Nh4 Nd5 33.Re1 Nc3 34.a5 Rd8 35.Rd3 e4 36.Rd2 d3
37.g4 Rc7 38.Ng2 Rdc8 39.Nf4 b4 40.Kg2 Rc5 41.f3 Re5 42.fxe4 Rxe4 43.Rxe4 Nxe4
44.Rxd3 Rc2+ 45.Kf3 Nd2+ 46.Ke3 Nf1+ 47.Kd4 Kg5 48.Ne6+ Kf6 49.Nc5 h5 50.gxh5 Ra2
51.Nb7 Nd2 52.Nd6 Nb1 53.Kc4 Rxa5 54.Kxb4 Ra2 55.Nc4 Kxf5 56.Rd1 a5+ 57.Nxa5 Nd2
58.Rg1 Nf3 59.Rxg7 Rh2 60.h6 Rxh3 61.h7 Ng5 62.Kb5 Nxh7 63.b4 Nf6 64.Ka6 Nd5
65.b5 Ke6 66.Nc6 Kd6  1/2-1/2

[Event "Goldberg mem"]
[Site "Moscow"]
[Date "1990.??.??"]
[Round "4"]
[White "Kremenietsky, Anatoly M"]
[Black "Bokan, Danko"]
[Result "1-0"]
[WhiteElo "2390"]
[BlackElo "2260"]

1.e4 e5 2.Nf3 Nc6 3.Bb5 a6 4.Ba4 Nf6 5.O-O Be7 6.Re1 b5 7.Bb3 d6 8.c3 O-O
9.h3 Nb8 10.d4 Nbd7 11.Nbd2 Bb7 12.Bc2 Re8 13.b3 Bf8 14.d5 c6 15.c4 Qc7 16.Nf1 g6
17.Bd2 Rac8 18.Rc1 Qb8 19.g4 Nb6 20.Be3 Nfd7 21.N3d2 Bg7 22.Ng3 Rf8 23.Rb1 Qc7
24.Bd3 Rce8 25.Rc1 cxd5 26.cxd5 Qb8 27.a4 b4 28.a5 Nc8 29.Qe2 Qa8 30.Rc7 Re7
31.Bb1 Na7 32.Bd3 Nc8 33.g5 f6 34.Qg4 Rff7 35.Rc2 Re8 36.Rec1 fxg5 37.Rc7 Nf6
38.Qxg5 Ree7 39.Rxe7 Rxe7 40.Rc4 Re8 41.Qh4 Qb8 42.Rxb4 Qc7 43.Be2 Ne7 44.Ngf1 Rf8
45.Bb6 Qb8 46.Rc4 Rc8 47.Qg3 Nd7 48.Be3 Rf8 49.Bg4 Bc8 50.Be6+ Kh8 51.Nf3 Ng8
52.Ng5 Nh6 53.Qh4 Nf6 54.Rc6 Nh5 55.Bxc8 Rxc8 56.Ne6 Rxc6 57.dxc6 Bf6 58.Bg5 Ng8
59.Ng3 Qc8 60.Nxh5 Bxg5 61.Nxg5 gxh5 62.Qxh5 Qc7 63.Qf7 Qe7 64.Qxe7 Nxe7
65.c7  1-0

[Event "Munich"]
[Site "Munich"]
[Date "1990.??.??"]
[Round "?"]
[White "Huebner, Robert"]
[Black "Van der Sterren, Paul"]
[Result "1/2-1/2"]
[WhiteElo "2595"]
[BlackElo "2515"]

1.e4 e5 2.Nf3 Nc6 3.Bb5 a6 4.Ba4 Nf6 5.O-O Be7 6.Re1 b5 7.Bb3 d6 8.c3 O-O
9.h3 Nb8 10.d4 Nbd7 11.Nbd2 Bb7 12.Bc2 Re8 13.a4 Bf8 14.Bd3 c6 15.Nf1 d5
16.Bg5 dxe4 17.Rxe4 Be7 18.Re1 exd4 19.Nxd4 Bf8 20.Nf5 h6 21.Be3 Ne5 22.Bc2  1/2-1/2

[Event "NOR-chT"]
[Site "NOR"]
[Date "1990.??.??"]
[Round "?"]
[White "Gullaksen, Eirik T"]
[Black "Elseth, Roar"]
[Result "1-0"]
[WhiteElo "2200"]
[BlackElo "2335"]

1.e4 e5 2.Nf3 Nc6 3.Bb5 a6 4.Ba4 Nf6 5.O-O Be7 6.Re1 b5 7.Bb3 d6 8.c3 O-O
9.h3 Nb8 10.d4 Nbd7 11.Nbd2 Bb7 12.Bc2 Re8 13.Nf1 Bf8 14.Ng3 g6 15.a4 c5
16.d5 c4 17.Bg5 h6 18.Be3 Nc5 19.Qd2 h5 20.Ng5 Bg7 21.f4 exf4 22.Bxf4 Qc7
23.Qf2 bxa4 24.Re2 Re7 25.Nf3 Rae8 26.Rae1 Nfd7 27.Bg5 Ne5 28.Bxe7 Ned3 29.Qf1 Nxe1
30.Rxe1 Rxe7 31.Qxc4 Qb6 32.Nd4 Rc7 33.Qa2 Nb3 34.Bxb3 Bxd4+ 35.cxd4 Qxd4+
36.Kh1 Qf2 37.Rf1 Qxg3 38.Qxa4 Re7 39.Qa5 Qe5 40.Bc2 Kg7 41.Qb6 Bc8 42.Qc6 Bb7
43.Qb6 Bc8 44.Bd3 Bxh3 45.gxh3 Qg3 46.Qd4+ Re5 47.Rf2 Qxh3+ 48.Kg1 Qg3+ 49.Kf1 h4
50.Ke2 Qg4+ 51.Kd2 h3 52.Qa7 Qg5+ 53.Qe3 Qh4 54.Rh2 Rh5 55.Bf1 Qf6 56.Ke1 Qh4+
57.Kd1 f5 58.Rxh3 Qg4+ 59.Kc1 Rxh3 60.Bxh3 Qxe4 61.Qxe4 fxe4 62.Bg2 Kf6 63.Bxe4 Ke5
64.Bxg6 Kxd5 65.Kc2 Kc5 66.Kc3  1-0

[Event "Novi Sad ol (Men)"]
[Site "Novi Sad"]
[Date "1990.??.??"]
[Round "14"]
[White "Brunner, Lucas"]
[Black "Abdennabi, Imed"]
[Result "0-1"]
[WhiteElo "2475"]
[BlackElo "2380"]

1.e4 e5 2.Nf3 Nc6 3.Bb5 a6 4.Ba4 Nf6 5.O-O Be7 6.Re1 b5 7.Bb3 O-O 8.c3 d6
9.h3 Nb8 10.d4 Nbd7 11.Nbd2 Bb7 12.Bc2 Re8 13.a4 Bf8 14.Bd3 c6 15.b3 g6 16.Ba3 Qc7
17.Qc2 Rac8 18.Rad1 Qb6 19.Bf1 c5 20.d5 Rb8 21.Ra1 Nh5 22.Ra2 Bh6 23.Rea1 Rf8
24.axb5 axb5 25.Bc1 f5 26.exf5 gxf5 27.Ra5 e4 28.Rxb5 Qc7 29.Nh4 Bg5 30.Nxf5 Rxf5
31.Nxe4 Bxc1 32.Qxc1 Bxd5 33.Rxb8+ Qxb8 34.Bc4 Bxc4 35.bxc4 Ne5 36.Qh6 Nf7
37.Qe6 Re5 38.Qg4+ Kf8 39.Rd1 Qe8 40.f3 Qe6 41.Qh4 Qxc4 42.Rb1 d5 43.Rb8+ Re8
44.Rxe8+ Kxe8 45.Qxh5 dxe4 46.fxe4 Qxc3 47.Qxh7 Qd4+ 48.Kh2 c4 49.h4 c3 50.Qg8+ Ke7
51.Qc8 Qd6+ 52.Kh1 Qd1+ 53.Kh2 c2  0-1

[Event "Paris-ch"]
[Site "Paris"]
[Date "1990.??.??"]
[Round "?"]
[White "Apicella, Manuel"]
[Black "Emms, John M"]
[Result "1/2-1/2"]
[WhiteElo "2390"]
[BlackElo "2400"]

1.e4 e5 2.Nf3 Nc6 3.Bb5 a6 4.Ba4 Nf6 5.O-O Be7 6.Re1 b5 7.Bb3 O-O 8.c3 d6
9.h3 Nb8 10.d4 Nbd7 11.Nbd2 Bb7 12.Bc2 Re8 13.Nf1 Bf8 14.Ng3 g6 15.b3 Bg7
16.Bb2 d5 17.dxe5 Nxe4 18.Nxe4 dxe4 19.Bxe4 Bxe4 20.Rxe4 Nxe5 21.Nxe5 Rxe5
22.Rxe5 Qxd1+ 23.Rxd1 Bxe5 24.Rd2 Re8 25.Kf1 Re6 26.c4 bxc4 27.bxc4 Kf8 28.Ba3+ Ke8
29.g3 Bd6 30.Bxd6 cxd6 31.Rd5 Kd7 32.Ra5 Re4 33.Rxa6 Rxc4 34.Ke2 Rc3 35.Kd2 Rf3
36.Ke2 Rc3  1/2-1/2

[Event "Bohemians-B"]
[Site "Prague"]
[Date "1990.??.??"]
[Round "?"]
[White "Vavra, Pavel"]
[Black "Szymczak, Zbigniew"]
[Result "0-1"]
[WhiteElo "2000"]
[BlackElo "2345"]

1.e4 e5 2.Nf3 Nc6 3.Bb5 a6 4.Ba4 Nf6 5.O-O Be7 6.Re1 b5 7.Bb3 d6 8.c3 O-O
9.h3 Nb8 10.d4 Nbd7 11.Nbd2 Bb7 12.Bc2 Re8 13.Nf1 Bf8 14.Ng3 g6 15.d5 c6
16.dxc6 Bxc6 17.Bg5 h6 18.Be3 d5 19.exd5 Nxd5 20.Qd2 Nxe3 21.Qxe3 Qc7 22.Rad1 Nb6
23.Ne4 Bg7 24.Qc5 Re6 25.Bb3 Bf8 26.Qe3 Nc4 27.Qe2 Rb8 28.Nfd2 Bd5 29.Nxc4 Bxc4
30.Qc2 h5 31.Nd2 Rd6 32.Qe4 Bxb3 33.Nxb3 Rbd8 34.Rxd6 Qxd6 35.g3 Bg7 36.Re2 Qe6
37.Kg2 Kh7 38.f4 Rd5 39.Qf3 f5 40.fxe5 Rxe5 41.Rxe5 Qxe5 42.Kf2 h4 43.Qf4 hxg3+
44.Kxg3 Qe1+ 45.Kg2 Be5 46.Qf2 Qe4+ 47.Qf3 Qb1 48.Qf2 Bf6 49.a3 Qe4+ 50.Kh2 Qe5+
51.Kg1 Bg5 52.Qf3 Qe1+ 53.Kg2 Be3 54.Qf1 Qh4 55.Qf3 Qg5+ 56.Qg3 Qe7 57.Qf3 Qe5
58.Na5 Bc1 59.Qf2 Qe4+ 60.Kf1 Bxb2 61.Qa7+ Kh6 62.Qxa6 Qf3+  0-1

[Event "Prague Metro-B"]
[Site "Prague"]
[Date "1990.??.??"]
[Round "1"]
[White "Haba, Petr"]
[Black "Pribyl, Josef"]
[Result "1/2-1/2"]
[WhiteElo "2435"]
[BlackElo "2440"]

1.e4 e5 2.Nf3 Nc6 3.Bb5 a6 4.Ba4 Nf6 5.O-O Be7 6.Re1 b5 7.Bb3 d6 8.c3 O-O
9.h3 Nb8 10.d4 Nbd7 11.Nbd2 Bb7 12.Bc2 Re8 13.Nf1 Bf8 14.Ng3 g6 15.a4 c5
16.dxc5 dxc5  1/2-1/2

[Event "Pula tt2"]
[Site "Pula"]
[Date "1990.??.??"]
[Round "3"]
[White "Vujadinovic, Goran"]
[Black "Laketic, Gojko"]
[Result "1/2-1/2"]
[WhiteElo "2370"]
[BlackElo "2425"]

1.e4 e5 2.Nf3 Nc6 3.Bb5 a6 4.Ba4 Nf6 5.O-O Be7 6.Re1 b5 7.Bb3 d6 8.c3 O-O
9.h3 Nb8 10.d4 Nbd7 11.Nbd2 Bb7 12.Bc2 c5 13.d5 c4 14.Nf1 Ne8 15.Ng3 g6 16.Bh6 Ng7
17.Qd2 Nc5 18.Nh2 Bh4 19.Nf3 Be7 20.Nh2 Bh4 21.Nf3 Be7  1/2-1/2

[Event "Rimavska Sobota"]
[Site "Rimavska Sobota"]
[Date "1990.??.??"]
[Round "9"]
[White "Mokry, Karel"]
[Black "Bandza, Algirdas"]
[Result "1/2-1/2"]
[WhiteElo "2505"]
[BlackElo "2380"]

1.e4 e5 2.Nf3 Nc6 3.Bb5 a6 4.Ba4 Nf6 5.O-O Be7 6.Re1 b5 7.Bb3 d6 8.c3 O-O
9.h3 Nb8 10.d4 Nbd7 11.Nbd2 Bb7 12.Bc2 Re8 13.Nf1 Bf8 14.Ng3 g6 15.a4 c5
16.d5 c4 17.Bg5 h6 18.Be3 Nc5 19.Qd2 h5 20.Bg5 Be7 21.Bh6 Nh7 22.Be3 Bf6
23.Ra3 Rb8 24.Rea1 Bc8 25.axb5 axb5 26.Ne2 Bg7 27.Ra8  1/2-1/2

[Event "Rilton Cup"]
[Site "Stockholm"]
[Date "1990.??.??"]
[Round "6"]
[White "Wedberg, Tom"]
[Black "Bandza, Algirdas"]
[Result "1-0"]
[WhiteElo "2480"]
[BlackElo "2365"]

1.e4 e5 2.Nf3 Nc6 3.Bb5 a6 4.Ba4 Nf6 5.O-O Be7 6.Re1 b5 7.Bb3 d6 8.c3 O-O
9.h3 Nb8 10.d4 Nbd7 11.Nbd2 Bb7 12.Bc2 Re8 13.Nf1 Bf8 14.Ng3 g6 15.a4 c5
16.d5 c4 17.Bg5 h6 18.Be3 Nc5 19.Qd2 h5 20.Kh1 Rb8 21.Bg5 Be7 22.Bh6 Nh7
23.Be3 Bf6 24.Nh2 Bg5 25.f4 exf4 26.Bxf4 h4 27.Ngf1 Bxf4 28.Qxf4 Qf6 29.Qc1 Re7
30.axb5 axb5 31.Nd2 Bc8 32.Nhf3 Ng5 33.Rf1 Bd7 34.Nxh4 Qh8 35.Nhf3 Ngxe4
36.Nxe4 Nxe4 37.Bxe4 Rxe4 38.Ng5 Re7 39.Qf4 Qe5 40.Qxe5 Rxe5 41.Nxf7 Re7
42.Nxd6  1-0

[Event "Tel Aviv"]
[Site "Tel Aviv"]
[Date "1990.??.??"]
[Round "?"]
[White "Gruenfeld, Yehuda"]
[Black "Lev, Ronen"]
[Result "0-1"]
[WhiteElo "2530"]
[BlackElo "2480"]

1.e4 e5 2.Nf3 Nc6 3.Bb5 a6 4.Ba4 Nf6 5.O-O Be7 6.Re1 b5 7.Bb3 d6 8.c3 O-O
9.h3 Nb8 10.d4 Nbd7 11.Nbd2 Bb7 12.Bc2 Re8 13.Nf1 Bf8 14.Ng3 g6 15.a4 Bg7
16.d5 Qb8 17.b3 c6 18.c4 bxc4 19.bxc4 a5 20.Be3 Qc7 21.Qd2 Ba6 22.Rac1 Reb8
23.c5 cxd5 24.exd5 dxc5 25.d6 Qd8 26.Bg5 Rb4 27.Rcd1 Bb7 28.Qe2 h6 29.Bxf6 Qxf6
30.Be4 Bxe4 31.Nxe4 Qe6 32.Nc3 e4 33.Nxe4 Re8 34.Nfd2 Kh8 35.Qa6 Qa2 36.Qa7 Qxa4
37.Nxc5 Nxc5 38.Qxc5 Rd4 39.Kf1 Rxe1+ 40.Kxe1 Qe8+ 41.Kf1 Qd8 42.Ke2 Rxd6
43.Qc2 Qe8+ 44.Kf1 Qb5+  0-1

[Event "Warsaw"]
[Site "Warsaw"]
[Date "1990.??.??"]
[Round "13"]
[White "Kuczynski, Robert"]
[Black "Balashov, Yuri S"]
[Result "0-1"]
[WhiteElo "2460"]
[BlackElo "2535"]

1.e4 e5 2.Nf3 Nc6 3.Bb5 a6 4.Ba4 Nf6 5.O-O Be7 6.Re1 b5 7.Bb3 d6 8.c3 O-O
9.h3 Nb8 10.d4 Nbd7 11.Nbd2 Bb7 12.Bc2 Re8 13.a4 Bf8 14.Bd3 c6 15.b3 g6 16.Bb2 exd4
17.cxd4 d5 18.e5 Nh5 19.Nf1 Nf4 20.Bc2 c5 21.dxc5 Nxc5 22.axb5 axb5 23.Qd2 Nfe6
24.Rxa8 Bxa8 25.Ng3 Qc7 26.Rc1 Qb7 27.Nd4 Nxd4 28.Bxd4 Ne6 29.Bd1 Qe7 30.f4 Qb4
31.Be3 d4 32.Qxb4 Bxb4 33.Bf2 Bd2 34.Ra1 Bxf4 35.Be2 Bc6 36.Ra5 Rb8 37.Ra6 Bd5
38.Rd6 Bxb3 39.Ne4 Bxe5 40.Rd7 Bc4 41.Bf3 Rd8 42.Rb7 Ra8  0-1

[Event "AUT-chT"]
[Site "?"]
[Date "1991.??.??"]
[Round "?"]
[White "Watzka, Horst"]
[Black "Janetschek, Karl"]
[Result "1-0"]
[WhiteElo "2330"]
[BlackElo "2345"]

1.e4 e5 2.Nf3 Nc6 3.Bb5 a6 4.Ba4 Nf6 5.O-O Be7 6.Re1 b5 7.Bb3 d6 8.c3 O-O
9.h3 Nb8 10.d4 Nbd7 11.Nbd2 Bb7 12.Bc2 Re8 13.Nf1 Bf8 14.Ng3 g6 15.a4 c5
16.dxe5 dxe5 17.Bg5 Qc7 18.Qc1 Bg7 19.Bh6 Nf8 20.Bxg7 Kxg7 21.Qg5 Ng8 22.Nh5+ Kh8
23.Nf6 Nxf6 24.Qxf6+ Kg8 25.Rad1 Re6 26.Qg5 f6 27.Qd2 Rb8 28.axb5 axb5 29.Nh2 Bc6
30.Ng4 Nd7 31.Ne3 Nb6 32.f3 Kg7 33.h4 Rb7 34.h5 Qb8 35.Ng4 Be8 36.hxg6 hxg6
37.Kf2 Rd7 38.Qh6+ Kf7 39.Qh8 Ke7 40.Nh6 Kd8 41.Ng8 Kc7 42.Nxf6 Rxd1 43.Rxd1 Kc6
44.Qf8  1-0

[Event "URS-chT"]
[Site "Azov"]
[Date "1991.??.??"]
[Round "?"]
[White "Brodsky, Michail"]
[Black "Moldobaev, Emil"]
[Result "1/2-1/2"]
[WhiteElo "2310"]
[BlackElo "2385"]

1.e4 e5 2.Nf3 Nc6 3.Bb5 a6 4.Ba4 Nf6 5.O-O Be7 6.Re1 b5 7.Bb3 d6 8.c3 O-O
9.h3 Nb8 10.d4 Nbd7 11.Bc2 Re8 12.a4 Bf8 13.Bd3 c6 14.Qc2 g6 15.b3 Nh5 16.Bb2 Bg7
17.Bf1 Nf4 18.g3 Ne6 19.Nbd2 Bb7 20.b4 Nb6 21.axb5 axb5 22.Rad1 Qc7 23.dxe5 dxe5
24.c4 bxc4 25.Nxc4 Nxc4 26.Bxc4 Rad8 27.Rxd8 Qxd8 28.h4 Qc7 29.Rd1 Bc8 30.Kg2 Kh8
31.Bb3 f6 32.Rc1 Bd7 33.b5 c5 34.Bxe6 Rxe6 35.Qxc5 Qxc5 36.Rxc5 Kg8 37.Rd5 Be8
38.Rd8 Bf8 39.Rb8 Bd6 40.Rb7 Re7 41.Rb6 Rd7 42.g4 Be7 43.g5 fxg5 44.hxg5 Rd6
45.Rxd6 Bxd6 46.b6 Bc6 47.Bxe5 Bc5 48.Bd4 Bb4 49.e5 Kf7 50.Kg3 Ke6 51.Kf4 Kd5
52.Ke3 Be7 53.Kf4 Bb4 54.Be3 Bc3 55.Bd2 Bb2 56.Bb4 Bc1+ 57.Kg3 Ba8  1/2-1/2

[Event "URS-chT"]
[Site "Azov"]
[Date "1991.??.??"]
[Round "?"]
[White "Eingorn, Vereslav S"]
[Black "Petrosian, Arshak B"]
[Result "1-0"]
[WhiteElo "2585"]
[BlackElo "2505"]

1.e4 e5 2.Nf3 Nc6 3.Bb5 a6 4.Ba4 Nf6 5.O-O Be7 6.Re1 b5 7.Bb3 d6 8.c3 O-O
9.h3 Nb8 10.d4 Nbd7 11.Bg5 Bb7 12.Nbd2 h6 13.Bh4 Re8 14.Bc2 c5 15.Nf1 Qc7
16.Ne3 Bf8 17.Ng4 Nxg4 18.hxg4 g6 19.d5 c4 20.Qd2 Nc5 21.Nh2 Bc8 22.f3 Kg7
23.Bf2 Be7 24.Be3 Rh8 25.b4 cxb3 26.axb3 h5 27.g5 f5 28.gxf6+ Bxf6 29.Rf1 Nd7
30.b4 Nb6 31.Bd3 Bb7 32.Rfc1 Rac8 33.Nf1 Qd8 34.Qf2 Nc4 35.Bxc4 Rxc4 36.Nd2 Rc8
37.c4 bxc4 38.Nxc4 Qe7 39.Nb6 Rxc1+ 40.Rxc1 Rf8 41.Qd2 Rf7 42.Nc4 Qd7 43.Bh6+ Kh7
44.Bg5 Qe7 45.Bxf6 Qxf6 46.Na5 g5 47.Qe3 g4 48.fxg4 hxg4 49.Nc4 Qg6 50.Nd2 Kg8
51.Nf1 Kg7 52.Ng3 Kh7 53.Qb6 Rd7 54.Rf1 Qg5 55.Rf5 Qc1+ 56.Kh2 Kg7 57.Qf2 Qh6+
58.Nh5+ Kg8 59.Qh4 Rh7  1-0

[Event "BUL-chT"]
[Site "Bankia"]
[Date "1991.??.??"]
[Round "3"]
[White "Vasilev, Nikolai"]
[Black "Panajotov, Janko"]
[Result "1/2-1/2"]
[WhiteElo "2340"]
[BlackElo "2245"]

1.e4 e5 2.Nf3 Nc6 3.Bb5 a6 4.Ba4 Nf6 5.O-O b5 6.Bb3 Be7 7.Re1 O-O 8.c3 d6
9.h3 Nb8 10.d4 Nbd7  1/2-1/2

[Event "Budapest IM (Women)"]
[Site "Budapest"]
[Date "1991.??.??"]
[Round "3"]
[White "Derlich, Karin"]
[Black "Lukasiewicz, Anna"]
[Result "1/2-1/2"]
[WhiteElo "2110"]
[BlackElo "2115"]

1.e4 e5 2.Nf3 Nc6 3.Bb5 a6 4.Ba4 Nf6 5.O-O Be7 6.Re1 b5 7.Bb3 d6 8.c3 O-O
9.h3 Nb8 10.d4 Nbd7 11.Nbd2 Bb7 12.Bc2 Re8 13.Nf1 Bf8 14.Ng3 g6 15.a4 c5
16.d5 c4 17.Bg5 h6 18.Be3 Qc7 19.Nh2 h5 20.Ngf1 Bg7 21.Qd2 Kh7 22.g4 hxg4
23.hxg4 Rh8 24.Ng3 Raf8 25.Kg2 Nb6 26.a5 Nbxd5 27.exd5 Nxd5 28.Nf3 Qc6 29.Ng5+ Kg8
30.Be4 Nxe3+ 31.Qxe3 d5 32.Bf3 Qf6 33.Qb6 Qxb6 34.axb6 Bf6 35.Nh3 e4 36.Be2 b4
37.Rac1 Kg7 38.Red1 Rd8 39.f3 exf3+ 40.Bxf3 Rhe8 41.Ne2 Re6 42.Nhf4 Rxb6
43.Nxd5 Rbd6 44.Ne3 Rd2 45.Rxd2 Rxd2 46.Bxb7 Rxe2+ 47.Kf3 Rxe3+ 48.Kxe3 Bg5+
49.Kd4 Bxc1 50.cxb4 Bxb2+ 51.Kxc4 Kf6 52.Bxa6 Kg5 53.Bc8  1/2-1/2

[Event "Spring op"]
[Site "Budapest"]
[Date "1991.??.??"]
[Round "4"]
[White "Muhutdinov, Marat"]
[Black "Kulcsar, Tamas"]
[Result "1/2-1/2"]
[WhiteElo "2425"]
[BlackElo "2250"]

1.e4 e5 2.Nf3 Nc6 3.Bb5 a6 4.Ba4 Nf6 5.O-O Be7 6.Re1 b5 7.Bb3 d6 8.c3 O-O
9.h3 Nb8 10.d4 Nbd7 11.Nbd2 Bb7 12.Bc2 Re8 13.Nf1 Bf8 14.Ng3 g6 15.Nh2 c5
16.Ng4 Nxg4 17.hxg4 cxd4 18.cxd4 exd4 19.Qxd4 d5 20.Bf4 Bg7 21.Qb4 Rc8 22.Re2 Rc4
23.Qe1 Qf6 24.Bc1 d4 25.b3 Rcc8 26.Bb2 Qh4 27.Rd1 Qxg4 28.Bxd4 Ne5 29.f3 Qh4
30.Bf2 Qg5  1/2-1/2

[Event "Budapest IM"]
[Site "Budapest"]
[Date "1991.??.??"]
[Round "7"]
[White "Feher, Gyula"]
[Black "Horvath, Csaba"]
[Result "1/2-1/2"]
[WhiteElo "2375"]
[BlackElo "2460"]

1.e4 e5 2.Nf3 Nc6 3.Bb5 a6 4.Ba4 Nf6 5.O-O Be7 6.Re1 b5 7.Bb3 d6 8.c3 O-O
9.h3 Nb8 10.d4 Nbd7 11.Nbd2 Bb7 12.Bc2 Re8 13.Nf1 Bf8 14.Ng3 g6 15.a4 c5
16.d5 c4 17.Bg5 h6 18.Be3 Nc5 19.Qd2 Kh7  1/2-1/2

[Event "ISL-ch"]
[Site "Gardabaer"]
[Date "1991.??.??"]
[Round "1"]
[White "Arnason, Jon L"]
[Black "Hjartarson, Johann"]
[Result "1/2-1/2"]
[WhiteElo "2540"]
[BlackElo "2535"]

1.e4 e5 2.Nf3 Nc6 3.Bb5 a6 4.Ba4 Nf6 5.O-O Be7 6.Re1 b5 7.Bb3 d6 8.c3 O-O
9.h3 Nb8 10.d4 Nbd7 11.Nbd2 Bb7 12.Bc2 Re8 13.Nf1 Bf8 14.Ng3 g6 15.a4 c5
16.d5 c4 17.Bg5 h6 18.Be3 Nc5 19.Qd2 h5 20.Bg5 Be7 21.Bh6 Nh7 22.Ra3 Rb8
23.Rea1 Bc8 24.axb5 axb5 25.Ra7 Bd7 26.Qe3 Bf6 27.Ne2  1/2-1/2

[Event "Graz"]
[Site "Graz"]
[Date "1991.??.??"]
[Round "11"]
[White "Luther, Thomas"]
[Black "Brunner, Lucas"]
[Result "1/2-1/2"]
[WhiteElo "2470"]
[BlackElo "2460"]

1.e4 e5 2.Nf3 Nc6 3.Bb5 a6 4.Ba4 Nf6 5.O-O Be7 6.Re1 b5 7.Bb3 d6 8.c3 O-O
9.h3 Nb8 10.d4 Nbd7 11.Nbd2 Bb7 12.Bc2 c5 13.d5  1/2-1/2